000 00506nam a22001697a 4500
005 20251108172414.0
008 250721s2003 xx 000 0 ara d
082 1 4 _a189.15/عرب
100 1 _aبن عربي، محيي الدين
_eمؤلف
245 1 0 _aنقش الفصوص /
264 1 _aدمشق :
_bدار المحبة،
_c2003.
300 _a86ص
650 1 7 _aالفلسفة الإسلامية
700 1 _aمارديني، عبد الرحيم
_eمحقق
942 _2ddc
_cBK
999 _c78488
_d78488